000 00625pam a2200217 a 4500
001 2385625
005 20180815050814.0
008 850212s1986 nyua b 001 0 eng
010 _a 85003111
020 _a0024076104
040 _aDLC
_cDLC
_dDLC
041 _aeng
080 _a158.7
082 0 0 _a158.7
_219
100 1 _a49
101 _aPSI
245 1 0 _aPsychology and industry today :
_cDuane P. Schultz, Sydney Ellen Schultz.
504 _aBibliography: p. 549-577.
906 _a7
_bcbc
_corignew
_d1
_eocip
_f19
_gy-gencatlg
942 _2ddc
_cBK
999 _c47180
_d47180